HTML essentials / (Record no. 145294)

MARC details
000 -LEADER
fixed length control field 00747nam a22002177a 4500
005 - DATE AND TIME OF LATEST TRANSACTION
control field 20180502121122.0
010 ## - LCCN (DPL NO)
LC control number 1718EN-30 B-688463-472
020 ## - INTERNATIONAL STANDARD BOOK NUMBER
International Standard Book Number 9789384007782
Terms of availability 595.00
035 ## - SYSTEM CONTROL NUMBER
System control number B-688463-472
037 ## - SOURCE OF ACQUISITION
Source of stock number/acquisition Scientific
Stock number dpl
037 ## - SOURCE OF ACQUISITION
Source of stock number/acquisition DBAD/PUB
082 ## - DEWEY DECIMAL CLASSIFICATION NUMBER
Classification number 005.72
100 ## - MAIN ENTRY--PERSONAL NAME
Personal name Callihan
245 ## - TITLE STATEMENT
Title HTML essentials /
Statement of responsibility, etc by Callihan
250 ## - EDITION STATEMENT
Edition statement 2nd ed
260 ## - PUBLICATION, DISTRIBUTION, ETC. (IMPRINT)
Place of publication, distribution, etc New Delhi
Name of publisher, distributor, etc MEDTECH
Date of publication, distribution, etc 2016
270 ## - ADDRESS
Address 4850/24, Ansari Road, Daryaganj,
City New Delhi
Postal code 110002
300 ## - PHYSICAL DESCRIPTION
Extent xii,468p.
Dimensions 28cm(pbk)
942 ## - ADDED ENTRY ELEMENTS (KOHA)
Source of classification or shelving scheme Dewey Decimal Classification
Item type English Books
Call number suffix CAL
Classification part 005.72
Holdings
Withdrawn status Lost status Not for loan Collection code Home library Current library Date acquired Source of acquisition Cost, normal purchase price Full call number Barcode Copy number Cost, replacement price Koha item type
      Non-fiction Ashok Vihar Ashok Vihar 02/05/2018 SI/1816/2017-1804.12.2017/679/20.11.2017/15.1.2018 595.00 005.72 CAL B-688464 1 595.00 English Books
    Not For Loan Non-fiction D.B.Act.Division Bawana 06/12/2017 DBAD/PUB 595.00 005.72 CAL EN-105289 1 595.00 English Books
      Non-fiction Bawana Bawana 02/05/2018 SI/1816/2017-1804.12.2017/679/20.11.2017/15.1.2018 595.00 005.72 CAL B-688471 1 595.00 English Books
      Non-fiction Central Library Central Library 02/05/2018 SI/1816/2017-1804.12.2017/679/20.11.2017/15.1.2018 595.00 005.72 CAL B-688463 1 595.00 English Books
      Non-fiction Janak Puri Janak Puri 02/05/2018 SI/1816/2017-1804.12.2017/679/20.11.2017/15.1.2018 595.00 005.72 CAL B-688468 1 595.00 English Books
      Non-fiction Kasturba Gandhi Marg Kasturba Gandhi Marg 02/05/2018 SI/1816/2017-1804.12.2017/679/20.11.2017/15.1.2018 595.00 005.72 CAL B-688466 1 595.00 English Books
      Non-fiction Narela Narela 02/05/2018 SI/1816/2017-1804.12.2017/679/20.11.2017/15.1.2018 595.00 005.72 CAL B-688470 1 595.00 English Books
      Non-fiction Patel Nagar Patel Nagar 02/05/2018 SI/1816/2017-1804.12.2017/679/20.11.2017/15.1.2018 595.00 005.72 CAL B-688465 1 595.00 English Books
      Non-fiction Peshwa Road Peshwa Road 02/05/2018 SI/1816/2017-1804.12.2017/679/20.11.2017/15.1.2018 595.00 005.72 CAL B-688467 1 595.00 English Books
      Non-fiction Sarojini Nagar Sarojini Nagar 02/05/2018 SI/1816/2017-1804.12.2017/679/20.11.2017/15.1.2018 595.00 005.72 CAL B-688469 1 595.00 English Books
      Non-fiction Shahdara Branch Shahdara Branch 02/05/2018 SI/1816/2017-1804.12.2017/679/20.11.2017/15.1.2018 595.00 005.72 CAL B-688472 1 595.00 English Books

© Delhi Public Library
Hit Counter
free hit counter